Schopenhauer y Nietzsche
Saved in:
| Hovedforfatter: | |
|---|---|
| Format: | Bog |
| Sprog: | spansk |
| Udgivet: |
Buenos Aires
Anaconda
1950
|
| Fag: | |
| Tags: |
Tilføj Tag
Ingen Tags, Vær først til at tagge denne postø!
|
MARC
| LEADER | 00000nam a2200000 a 4500 | ||
|---|---|---|---|
| 001 | UCY1063 | ||
| 003 | CL-VaPUC | ||
| 008 | 940820e19500000AG |||||||||||||||||spa|d | ||
| 082 | 0 | 4 | |a 193 |b SIM |2 21 |
| 100 | 0 | |a Simmel, Georg |e author |9 328929 | |
| 245 | 1 | 0 | |a Schopenhauer y Nietzsche |
| 300 | |a 201 p | ||
| 942 | |c BK | ||
| 945 | |d 19940820 00:00:00 |a mfernand | ||
| 260 | |a Buenos Aires |b Anaconda |c 1950 | ||
| 600 | 0 | 7 | |a SCHOPENHAUER, ARTHUR |2 CL-VaPUC |9 265694 |
| 583 | |a last modification |c 19940820 00:00:00 |k Rodrigo Vera | ||
| 999 | |c 229868 |d 229866 | ||
| 952 | |0 0 |1 0 |4 0 |6 193_000000000000000_SIM_1950 |7 0 |8 P |9 231576 |a BIBEDU |b BIBEDU |c BIBEDU_PB |d 2019-11-15 |i 2950774 |o 193 SIM 1950 |p 2950774 |r 2024-01-25 |w 2019-11-15 |y BK |k FIL | ||
| 952 | |0 0 |1 0 |4 0 |6 193_000000000000000_SIM_1950 |7 0 |8 P |9 231577 |a BIBEDU |b BIBEDU |c BIBEDU_PB |d 2019-11-15 |i 1562398 |o 193 SIM 1950 |p 1562398 |r 2024-01-25 |w 2019-11-15 |y BK |k FIL | ||